| 000 | 00613nam a2200205Ia 4500 | ||
|---|---|---|---|
| 003 | IN-BaIIA | ||
| 008 | 211028s9999 xx 000 0 eng d | ||
| 020 | _a978-1-107-00641-6 | ||
| 040 | _cIIA Library | ||
| 080 |
_a523.07 _bIMP |
||
| 245 | 0 |
_aFrontiers of astrobiology _cedited by Chris Impey, J. Lunine and Jose Funes |
|
| 260 |
_aCambridge _bCambridge University Press _c2012 |
||
| 300 | _axi, 323p. | ||
| 650 |
_aAstrobiology _925948 |
||
| 650 |
_aExobiology _920584 |
||
| 700 |
_aFunes, Jose., ed. _935986 |
||
| 700 |
_aImpey, Chris, ed. _934043 |
||
| 700 |
_aLunine, Jonathan., ed. _935987 |
||
| 942 | _cBK | ||
| 999 |
_c18819 _d18819 |
||